| 000 | 00448nam a2200205Ia 4500 | ||
|---|---|---|---|
| 005 | 20250425162706.0 | ||
| 008 | 250425s9999 xx 000 0 und d | ||
| 041 | _afre | ||
| 043 | _afr | ||
| 082 | _a800 | ||
| 100 | _aDE BALZAC, HONORE | ||
| 245 | 0 | _aLA MAISON CHAT-QUI-PELOTE | |
| 250 | _aS.E | ||
| 260 | _aBORDEAUX | ||
| 260 |
_aFrancia _bGALLIMARD _c1970 |
||
| 300 | _a379 | ||
| 650 | _aLITERATURA | ||
| 942 | _c01 | ||
| 010 | _a97017 | ||
| 999 |
_c234459 _d234459 |
||